| 000 | 00437nam a2200181Ia 4500 | ||
|---|---|---|---|
| 008 | 230512s1990 xx 000 0 und d | ||
| 041 | _aeng | ||
| 082 | _a658.8 | ||
| 100 | _aKINNEAR T C/ BEROHARD K C | ||
| 245 | _aPRINCIPLES OF MARKETING | ||
| 250 | _a3 | ||
| 260 |
_bSCOTT, FORESMAN SERIES IN MARKETING _c1990 |
||
| 300 | _a765 | ||
| 365 | _b1764 | ||
| 500 | _aPaper Back | ||
| 520 | _aReference Copy | ||
| 650 | _aManagement | ||
| 999 |
_c395624 _d395624 |
||